| 000 | 01026cam a2200325 i 4500 | ||
|---|---|---|---|
| 999 |
_c200429743 _d47669 |
||
| 001 | 200429743 | ||
| 003 | TR-AnTOB | ||
| 005 | 20200303105720.0 | ||
| 007 | ta | ||
| 008 | 031230s2002 tu 000 0 tur d | ||
| 020 | _a9751722586 | ||
| 040 |
_aBGZ _beng _erda _cBGZ _dTR-AnTOB |
||
| 041 | 0 | _atur | |
| 049 | _aBGZA | ||
| 050 | 0 | 0 |
_aPL21 _b.B69 2002 |
| 090 |
_aPL21 _b.B69 2002 |
||
| 100 | 1 |
_aBozkurt, Fuat _d1946- _eauthor _925610 |
|
| 245 | 1 | 0 |
_aTürklerin dili / _cFuat Bozkurt. |
| 264 | 1 |
_aAnkara : _bT.C. Kültür Bakanlığı, _c2002. |
|
| 300 |
_axix, 744 pages ; _c24 cm. |
||
| 336 |
_atext _2rdacontent |
||
| 337 |
_aunmediated _2rdamedia |
||
| 338 |
_2rdacarrier _avolume |
||
| 490 | 0 |
_aT.C. Kültür Bakanlığı yayınları ; _v2335 _aKültür eserleri dizisi / Yayımlar Dairesi Başkanlığı ; _v252 |
|
| 504 | _aIncludes bibliographical references (pages 741-744). | ||
| 650 | 7 |
_aTürk dili _2etuturkob _9119101 |
|
| 650 | 0 |
_aTurkish language _916761 |
|
| 942 |
_2lcc _cBK |
||